Edge of Taos Desert : an escape to reality /

Bibliographic Details
Main Author: Luhan, Mabel Dodge, 1879-1962
Format: Book
Language:English
Published: Albuquerque : University of New Mexico Press, 1987
Subjects:

MARC

Tag First Indicator Second Indicator Subfields
LEADER 00000cam a2200000 a 4500
001 in00001152313
005 20151001060701.0
008 860923r19871937nmu b s001 0aeng
010 |a  86025283  
020 |a 0826309704 :  |c $24.95 
020 |a 0826309712 :  |c $14.95 
035 |a (OCoLC)14376905 
035 |9 AGD0380AM 
040 |a DLC  |c DLC  |d TXA  |d UtOrBLW 
043 |a n-us-mn 
049 |a TXAM 
050 0 0 |a CT275.L838  |b A3 1987 
082 0 |a 978.9/05/0924  |2 19 
100 1 |a Luhan, Mabel Dodge,  |d 1879-1962. 
245 1 0 |a Edge of Taos Desert :  |b an escape to reality /  |c Mabel Dodge Luhan ; introduction by Lois Palken Rudnick ; foreword by John Collier, Jr. 
264 1 |a Albuquerque :  |b University of New Mexico Press,  |c 1987 
264 4 |c ©1965 
300 |a xxx, 338 pages ;  |c 25 cm. 
336 |a text  |b txt  |2 rdacontent 
337 |a unmediated  |b n  |2 rdamedia 
338 |a volume  |b nc  |2 rdacarrier 
504 |a Includes bibliographical references (pages xvii) and index. 
500 |a Reprint. Originally published as volume 4 of Intimate memories. New York : Harcourt, Brace, 1937. 
600 1 0 |a Luhan, Mabel Dodge,  |d 1879-1962  |x Homes and haunts  |z New Mexico. 
650 0 |a Intellectuals  |z United States  |v Biography. 
651 0 |a New Mexico  |v Biography. 
999 |a MARS 
999 f f |s 559ac229-72b5-3a46-8906-5371cb3df215  |i 6c94f828-f9cd-3a11-8d1d-f502564a89a0  |t 0 
952 f f |p normal  |a Texas A&M University  |b College Station  |c Sterling C. Evans Library  |d Evans: Library Stacks  |t 0  |e CT275.L838 A3 1987  |h Library of Congress classification  |i unmediated -- volume  |m A14817726907 
998 f f |a CT275.L838 A3 1987  |t 0  |l Evans: Library Stacks